000
00225 a2200097 4500
001
55657
100
_a
245
_a
Misar ka bazar ; safar nama
260
_a
Lahore
_b
Naveed Publishers
_c
2007
090
_c
34538
_d
34538
942
_a
NUST-CAE
_c
MONOGRAPH
_c
27267
999
_c
290730
_d
290730